00392nam a2200145Ia 4500008004100000020001800041041000800059082001700067100002000084245007000104250000600174260002700180300001200207650002700219210716s2013 xx 000 0 und d a9788126529872 aeng a660.282 MIND aMinoli, Daniel. aNanotechnology applications to telecommunications and networking. a1 aNew DelhibWILEYc2013 axix,487 aNano Technology(620.5)